Public finance in theory and practice

Gespeichert in:
Bibliographische Detailangaben
1. Verfasser: Musgrave, Richard A.
Weitere Verfasser: Musgrave, Peggy B.
Format: Buch
Sprache:Englisch
Veröffentlicht: Tokyo Mc Graw-Hill Kogakusha 1973
Tags: Tag hinzufügen
Keine Tags, Fügen Sie das erste Tag hinzu!

MARC

LEADER 00000nam a2200000 4500
001 c111691
005 20041019155150.5
041 0 |a eng 
044 |a JP 
245 1 0 |a Public finance in theory and practice  |c Richard A. Musgrave, Peggy B. Musgrave 
264 1 |a Tokyo  |b Mc Graw-Hill Kogakusha  |c 1973 
300 |a 478 s. 
100 1 |a Musgrave, Richard A. 
700 1 |a Musgrave, Peggy B.